Statystyki dla 10 największych polskich miast (powierzchnia)

Kliknij tutaj aby rozwiązać quiz!

Ogólne statystyki

  • Ten quiz został rozwiązany 51 razy
  • Średni wynik to 8 z 10

Statystyki odpowiedzi

PowierzchniaMiasto% Poprawnych
326,9 km2Kraków
100%
517,2 km2Warszawa
100%
265,9 km2Gdańsk
94%
292,8 km2Wrocław
94%
293,3 km2Łódź
92%
300,6 km2Szczecin
92%
261,9 km2Poznań
90%
278,3 km2Zielona Góra
56%
202,1 km2Świnoujście
31%
188,7 km2Dąbrowa Górnicza
27%

Rozkład punktacji

Percentyl według liczby udzielonych odpowiedzi

Procent ludzi z każdym wynikiem

Twoja historia wyników

Nie rozwiązałeś tego quizu